00713nam a2200205 i 450000100060000000300090000600500170001500700030003200800410003508000220007610000240009824501280012226000700025030000290032070000320034971000250038171000250040674000420043185200340047317703ES-MaACL20230906151639.0t|010504s1998 sp ||||1| spa d a821.1343.2-34"19"1 aQuiñones, Javier.10aDe libertad tendidas mis banderas / cJavier Quiñones. En el principio fueron tres raíles / Juan E. Sanchís Girbés. aSegorbe : bFundación Max Aub : bFundación Bancaja, c[1998] a28 p. : bil. ; c24 cm.1 aSanchís Girbés, Juan E.2 aFundación Max Aub.2 aFundación Bancaja.0 aEn el principio fueron tres raíles. aES-MaACLj2164-F-7 bR.128553